[Event "A-Klasse 2009 (A68)"]
[Site "Berlin-Weißensee"]
[Date "2009.05.20"]
[Round "1.1"]
[White "Voigt, Ingo"]
[Black "Goetze, Frank"]
[Result "0-1"]
[WhiteElo "2053"]
[BlackElo "2021"]
[PlyCount "118"]
[EventDate "2009.05.20"]

1. Nf3 Nf6 2. c4 d6 3. d4 Nbd7 4. Nc3 e5 5. d5 g6 6. b4 a5 7. Qa4 b6 8. Qc6 Ba6
9. bxa5 bxa5 10. e4 Ke7 11. Bg5 Bg7 12. Be2 h6 13. Bxf6+ Bxf6 14. Qa4 Nc5 15.
Qc2 Qd7 16. O-O Rhb8 17. Rab1 Rb6 18. Nd2 a4 19. Nb5 Kf8 20. h3 h5 21. Qc3 Kg7
22. g4 hxg4 23. Bxg4 Qe7 24. Qc2 Bc8 25. f3 Bg5 26. Kg2 Bf4 27. Rh1 Rab8 28.
Nf1 Bd7 29. Bxd7 Qxd7 30. Ng3 Rh8 31. Ne2 Bg5 32. Rbf1 Rh4 33. Rfg1 Be3 34. Rd1
Rb8 35. Qc3 Bg5 36. Rdg1 Rg8 37. Kf2 f6 38. Qa5 Rc8 39. Rg4 Kh6 40. Kg2 f5 41.
exf5 gxf5 42. Rg3 Bf4 43. Nxf4 exf4 44. Qd2 Kh5 45. Rg4 fxg4 46. hxg4+ Kg5 47.
Rxh4 Kxh4 48. Qxf4 Qg7 49. Nd4 (49. g5+ Kh5 50. Qg4+) 49... Rf8 50. Qg3+ (50.
Nf5+ Rxf5 51. Qh2+ Kg5 52. Qh5+ Kf4 53. Qxf5+ Ke3) 50... Kg5 51. f4+ Kg6 52.
Qe3 Kf7 53. Kf3 Re8 54. Qd2 Qh7 55. Kg2 Qe4+ 56. Kg3 Qh1 57. Qg2 Ne4+ 58. Kf3
Nd2+ 59. Kf2 Qe1# 0-1

[Event "A-Klasse 2009 (A68)"]
[Site "Berlin-Weißensee"]
[Date "2009.05.20"]
[Round "1.2"]
[White "Zur, Jan"]
[Black "Muskewitz, Bernd"]
[Result "0-1"]
[WhiteElo "1941"]
[BlackElo "2015"]
[PlyCount "64"]
[EventDate "2009.05.20"]

1. e4 c5 2. Nf3 e6 3. d4 cxd4 4. Nxd4 a6 5. Bd3 Qc7 6. Be3 Nf6 7. O-O d5 8.
exd5 Nxd5 9. Nd2 Bd6 10. Qh5 g6 11. Qh4 Nxe3 12. fxe3 Be7 13. Qh6 Bf8 14. Qf4
e5 15. Qf6 Rg8 16. Bc4 Rg7 17. N4f3 Nd7 18. Qh4 f5 19. Rad1 Bc5 20. Qh6 Nf6 21.
h3 f4 22. Nb3 Bxe3+ 23. Kh1 Rd7 24. Rxd7 Bxd7 25. Be2 O-O-O 26. c3 Nh5 27. Qxh7
Ng3+ 28. Kh2 Nxe2 29. Qxg6 e4 30. Nfd4 f3+ 31. g3 Nxg3 32. Rd1 Nf1+ 0-1

[Event "A-Klasse 2009 (A68)"]
[Site "Berlin-Weißensee"]
[Date "2009.05.20"]
[Round "1.3"]
[White "Zschaebitz, Klaus"]
[Black "Issel, Oliver"]
[Result "1/2-1/2"]
[WhiteElo "2100"]
[BlackElo "2112"]
[PlyCount "22"]
[EventDate "2009.05.20"]

1. d4 Nf6 2. Nf3 e6 3. c4 Bb4+ 4. Bd2 Bxd2+ 5. Qxd2 O-O 6. e3 d6 7. Nc3 Nc6 8.
a3 a5 9. Be2 e5 10. Qc2 Bg4 11. Rd1 Qe7 1/2-1/2

[Event "A-Klasse 2009 (A68)"]
[Site "Berlin-Weißensee"]
[Date "2009.05.20"]
[Round "1.4"]
[White "Arndt, Uwe"]
[Black "Gebigke, Martin"]
[Result "0-1"]
[WhiteElo "2024"]
[BlackElo "2183"]
[PlyCount "144"]
[EventDate "2009.05.20"]

1. d4 Nf6 2. c4 e5 3. dxe5 Ng4 4. Bf4 Bb4+ 5. Nd2 d6 6. Ngf3 dxe5 7. Bxe5 Nxe5
8. Nxe5 Qd4 9. Nd3 Qxc4 10. Nxb4 Qxb4 11. Qb3 Nc6 12. Rc1 Qe7 13. e3 O-O 14.
Be2 Qg5 15. Bf3 Ne5 16. O-O c6 17. Kh1 Rd8 18. Ne4 Qh4 19. g3 Qe7 20. Bg2 Bf5
21. Nc5 b6 22. Na4 Rac8 23. Nc3 h5 24. Rcd1 h4 25. Kg1 {(=)} Bd3 26. Rfe1 hxg3
27. hxg3 Bc4 28. Rxd8+ Rxd8 29. Qc2 Bd3 30. Qa4 Rd6 31. Rc1 Qd7 32. Qf4 Ng6 33.
Qa4 a5 34. a3 Ne5 35. Ne4 Bb5 36. Qc2 Rh6 37. Rd1 Bd3 38. Qc3 f5 (38... Nf3+
39. Bxf3 Bxe4 40. Rxd7 Bxf3) 39. Nc5 bxc5 40. Qxe5 c4 41. Qxa5 Qe8 42. Bf3 Qe6
43. Qd8+ Kh7 44. Rxd3 cxd3 45. Qxd3 Rf6 46. b4 Qe5 47. Kg2 Qb2 48. g4 g6 49.
Qd7+ Kh6 50. Qd4 Qxd4 51. exd4 Kg5 52. gxf5 Kxf5 53. Kg3 Rd6 54. a4 Rxd4 55.
Bxc6 Rxb4 56. f3 Rb3 57. Bd7+ Kg5 58. Bb5 Ra3 59. Bc6 Ra1 60. f4+ Kf5 61. Bd7+
Ke4 62. Bc6+ Ke3 63. Bb5 Rg1+ 64. Kh2 Rg4 65. a5 Kf2 66. Kh3 Rxf4 67. Bd7 g5
68. Bg4 Ra4 69. a6 Rxa6 70. Bd7 Rd6 71. Bf5 Rd4 72. Bg4 Ra4 0-1

[Event "A-Klasse 2009 (A68)"]
[Site "Berlin-Weißensee"]
[Date "2009.05.21"]
[Round "2.1"]
[White "Goetze, Frank"]
[Black "Muskewitz, Bernd"]
[Result "1-0"]
[WhiteElo "2021"]
[BlackElo "2015"]
[PlyCount "67"]
[EventDate "2009.05.20"]

1. d4 d5 2. Nf3 Nf6 3. c4 c6 4. Nc3 dxc4 5. a4 Bf5 6. e3 Na6 7. Bxc4 Nb4 8. O-O
e6 9. Qe2 Be7 10. e4 Bg4 11. Be3 O-O 12. Rac1 Qa5 13. h3 Bh5 14. Rfd1 Rfd8 15.
g4 Bg6 16. Bf4 a6 17. Ne5 Rac8 18. h4 b5 19. axb5 cxb5 20. Bb3 Nc6 21. Nxc6
Rxc6 22. e5 b4 23. exf6 Bxf6 24. Nd5 Rxc1 25. Nxf6+ gxf6 26. Bxc1 h5 27. Qf3
hxg4 28. Qxf6 Kh7 29. Bf4 Rg8 30. d5 Qd8 31. Qxd8 Rxd8 32. dxe6 Rxd1+ 33. Bxd1
fxe6 34. Bxg4 1-0

[Event "A-Klasse 2009 (A68)"]
[Site "Berlin-Weißensee"]
[Date "2009.05.21"]
[Round "2.2"]
[White "Voigt, Ingo"]
[Black "Zschaebitz, Klaus"]
[Result "1/2-1/2"]
[WhiteElo "2053"]
[BlackElo "2100"]
[PlyCount "123"]
[EventDate "2009.05.20"]

1. Nf3 d5 2. g3 Nf6 3. Bg2 Nbd7 4. d4 e6 5. O-O c5 6. e3 Be7 7. c4 O-O 8. cxd5
exd5 9. Nc3 b6 10. dxc5 Nxc5 11. Nd4 Qd7 12. b4 Nce4 13. Qb3 Bb7 14. Nce2 Rac8
15. f3 Nd6 16. Nf4 Rc4 17. Bh3 Qc7 18. Bb2 Bc8 19. Bg2 Bd7 20. Rfc1 Rc8 21. Bf1
Rxc1 22. Rxc1 Qb7 23. Rxc8+ Nxc8 24. Bd3 Nd6 25. Qc2 Nde8 26. a3 Bd6 27. Nfe2
Qc7 28. Qxc7 Bxc7 29. Nf5 g6 30. Nfd4 Kf8 31. Nb5 Bb8 32. Ned4 Ke7 33. Nc3 Nd6
34. b5 Nc4 35. Bc1 Ne5 36. Be2 Kd6 37. a4 Be6 38. Ba3+ Kd7 39. f4 Neg4 40. Bc1
h5 41. Nc6 Kc7 42. Bf3 a5 43. h3 Nh6 44. Kg2 Nf5 45. e4 dxe4 46. Nxe4 Nxe4 47.
Bxe4 Nd6 48. Bc2 Bd5+ 49. Kf2 Bxc6 50. bxc6 Kxc6 51. g4 hxg4 52. hxg4 Nc4 53.
Ke2 b5 54. Kd3 Nb6 55. axb5+ Kxb5 56. Bb3 f6 57. Bf7 f5 58. gxf5 gxf5 59. Be6
a4 60. Bxf5 Nd5 61. Bd7+ Kb4 62. Bd2+ 1/2-1/2

[Event "A-Klasse 2009 (A68)"]
[Site "Berlin-Weißensee"]
[Date "2009.05.21"]
[Round "2.3"]
[White "Gebigke, Martin"]
[Black "Zur, Jan"]
[Result "1/2-1/2"]
[WhiteElo "2183"]
[BlackElo "1941"]
[PlyCount "139"]
[EventDate "2009.05.20"]

1. d4 Nf6 2. c4 e6 3. Nc3 Bb4 4. e3 b6 5. Nge2 O-O 6. a3 Bxc3+ 7. Nxc3 d5 8.
cxd5 exd5 9. Bd3 c5 10. O-O Re8 11. dxc5 bxc5 12. b4 cxb4 13. axb4 Nc6 14. Bb5
Bb7 15. Bb2 Re6 16. Ra4 a6 17. Bd3 Qb6 18. b5 axb5 19. Rxa8+ Bxa8 20. Nxb5 Ne4
21. Qa1 Bb7 22. Nd4 Rg6 23. Rc1 h5 24. Nf5 Qd8 25. Ng3 Qg5 26. Bf1 Nd2 27. Rc2
Nxf1 28. Qxf1 h4 29. Ne2 Nb4 30. Rd2 d4 31. Nf4 Bxg2 32. Nxg2 h3 33. f4 hxg2
34. Qf3 Qh4 35. Qf2 Qxf2+ 36. Rxf2 dxe3 37. Re2 Nd3 38. Be5 Nxe5 39. fxe5 Re6
40. Rxe3 f6 41. Kxg2 Rxe5 42. Ra3 Kf7 43. Ra7+ Re7 44. Ra5 Kg6 45. Rb5 Re3 46.
Rb7 f5 47. Ra7 Rb3 48. Rc7 Kf6 49. h4 Kg6 50. h5+ Kh6 51. Rf7 g6 52. hxg6 Kxg6
53. Rf8 Kg5 54. Ra8 Kg4 55. Rg8+ Kf4 56. Rf8 Rb2+ 57. Kf1 Kg4 58. Ra8 Rb3 59.
Kf2 Rb2+ 60. Kf1 f4 61. Ra3 Rb1+ 62. Kf2 Rb2+ 63. Kf1 f3 64. Ra8 Rb5 65. Kf2
Rf5 66. Rb8 Rf7 67. Ra8 Kf4 68. Rb8 Re7 69. Rf8+ Kg5 70. Kxf3 1/2-1/2

[Event "A-Klasse 2009 (A68)"]
[Site "Berlin-Weißensee"]
[Date "2009.05.21"]
[Round "2.4"]
[White "Issel, Oliver"]
[Black "Arndt, Uwe"]
[Result "1-0"]
[WhiteElo "2112"]
[BlackElo "2024"]
[PlyCount "45"]
[EventDate "2009.05.20"]

1. g3 d5 2. Bg2 Nf6 3. Nf3 e6 4. O-O Be7 5. c4 dxc4 6. Qa4+ c6 7. Qxc4 b5 8.
Qc2 Bb7 9. d4 Nbd7 10. Nbd2 c5 11. a4 b4 12. dxc5 Nxc5 13. Rd1 Qa5 14. Nc4 Qa6
15. Nd4 Rc8 (15... Bxg2 16. Kxg2 b3 17. Qc3 Nd5) 16. Nb5 Bd5 17. Bxd5 b3 18.
Ncd6+ Kf8 19. Bxb3 Nxb3 20. Nxc8 Nxa1 21. Qc7 Bb4 22. Rd8+ Ne8 23. Qd7 1-0

[Event "A-Klasse 2009 (A68)"]
[Site "Berlin-Weißensee"]
[Date "2009.05.21"]
[Round "3.1"]
[White "Zschaebitz, Klaus"]
[Black "Goetze, Frank"]
[Result "1/2-1/2"]
[WhiteElo "2100"]
[BlackElo "2021"]
[PlyCount "140"]
[EventDate "2009.05.20"]

1. d4 Nf6 2. Bf4 d5 3. e3 e6 4. Nf3 c5 5. c3 Nbd7 6. Nbd2 b6 7. Bd3 Bb7 8. Qb1
Be7 9. h3 Rc8 10. O-O O-O 11. Ne5 h6 12. b4 Nxe5 13. Bxe5 Nd7 14. Bh2 cxd4 15.
cxd4 Rc3 16. Rc1 Qc8 17. a3 Rxc1+ 18. Qxc1 Qxc1+ 19. Rxc1 Rc8 {(=)} 20. Rxc8+
Bxc8 21. Bc7 a5 22. bxa5 bxa5 23. a4 Bb4 24. Nb3 Nf6 25. Bb5 Kf8 26. Nxa5 Ne8
27. Bd8 Nd6 28. Nb3 Nb7 29. Bb6 Ke7 30. Kf1 Bd7 31. Bc5+ Nxc5 32. dxc5 Kd8 33.
Ke2 Kc7 34. f4 f6 35. g4 g6 36. Kd3 e5 37. fxe5 fxe5 38. e4 Be6 39. exd5 Bxd5
40. Nd2 Bxc5 41. Be8 g5 42. Ne4 Be7 43. Bb5 Kb6 44. Bc4 Bc6 45. Bb3 Ka5 46. Bd1
Kb4 47. Ke3 Bb7 48. Bc2 Bd5 49. Kd2 Bd8 50. Nf2 Bb6 51. Nd3+ Kc4 52. Nxe5+ Kd4
53. Ng6 Bd8 54. Ke2 Bg2 55. Kf2 Bxh3 56. Bd1 Bc7 57. Bf3 Kc5 {(=)} 58. Ne7 Bf4
59. Bd1 Bh2 60. Ng8 Kb4 61. Nxh6 Bf4 62. Ke2 Bg2 63. Nf5 Be4 64. Ne3 Bb7 65.
Kd3 Be5 66. Nf5 Bc6 67. Ke3 Bb7 68. Bc2 Bg2 69. Be4 Bh3 70. Kf3 Kxa4 1/2-1/2

[Event "A-Klasse 2009 (A68)"]
[Site "Berlin-Weißensee"]
[Date "2009.05.21"]
[Round "3.2"]
[White "Muskewitz, Bernd"]
[Black "Gebigke, Martin"]
[Result "0-1"]
[WhiteElo "2015"]
[BlackElo "2183"]
[PlyCount "71"]
[EventDate "2009.05.20"]

1. d4 Nf6 2. g3 d5 3. Bg2 e6 4. Nf3 Be7 5. O-O O-O 6. Nbd2 c5 7. b3 Nc6 8. Bb2
cxd4 9. Nxd4 Qb6 10. Nxc6 bxc6 11. c4 Bb7 12. Qc2 Rad8 13. Rad1 a5 14. e3 Rc8
15. Bc3 Rfd8 16. Qb2 c5 17. cxd5 exd5 18. Nf3 a4 19. bxa4 Qxb2 20. Bxb2 Ra8 21.
Rb1 Ba6 22. Rfd1 Be2 23. Rd2 Bc4 24. Ne5 Bxa2 25. Ra1 Bb3 26. Nc6 Kf8 27. Nxd8
Bxd8 28. Bc3 Ne4 29. Bxe4 dxe4 30. a5 Bc4 31. a6 Ke7 32. a7 Bc7 33. Bxg7 Bd3
34. f3 f6 35. Bh6 Be5 36. Rad1 {ZÜ Weiss} 0-1

[Event "A-Klasse 2009 (A68)"]
[Site "Berlin-Weißensee"]
[Date "2009.05.21"]
[Round "3.3"]
[White "Arndt, Uwe"]
[Black "Voigt, Ingo"]
[Result "0-1"]
[WhiteElo "2024"]
[BlackElo "2053"]
[PlyCount "118"]
[EventDate "2009.05.20"]

1. d4 Nf6 2. c4 d6 3. Nf3 Bf5 4. Nc3 Nbd7 5. Qb3 Qc8 6. Bg5 h6 7. Bh4 g5 8. Bg3
Bg7 9. Nd2 Nh5 10. e4 Bg6 11. Nf3 g4 12. Nh4 Bxd4 13. Nxg6 fxg6 14. O-O-O Nxg3
15. fxg3 Bg7 16. Be2 Nf6 17. e5 dxe5 18. Qb5+ c6 19. Qxe5 O-O 20. Qxe7 Re8 21.
Qd6 Re6 22. Qf4 h5 23. h3 Qe8 24. Bd3 Qf8 25. Qc7 Re7 26. Qd6 Qe8 27. hxg4 Re6
28. Qc7 Nxg4 29. Rdf1 Rd8 30. Bc2 Rd7 31. Qa5 Ne3 32. Re1 Bh6 33. Kb1 Nxc2 34.
Rxe6 Qxe6 35. Kxc2 b6 36. Qa6 Bg7 37. Re1 Qxe1 38. Qc8+ Kh7 39. Qxd7 Qf2+ 40.
Kb3 Qxg2 41. Qd3 a6 42. a4 b5 43. axb5 axb5 44. cxb5 cxb5 45. Nd1 Qc6 46. Ne3
Be5 47. g4 hxg4 48. Qd8 Bf6 49. Qd5 Qxd5+ 50. Nxd5 g3 51. Nf4 Kh6 52. Kc2 Kg5
53. Ng2 Kg4 54. b3 Kf3 55. Ne1+ Ke2 56. Ng2 Kf2 57. Nf4 g2 58. Kd3 g5 59. Nh3+
Kf1 0-1

[Event "A-Klasse 2009 (A68)"]
[Site "Berlin-Weißensee"]
[Date "2009.05.21"]
[Round "3.4"]
[White "Zur, Jan"]
[Black "Issel, Oliver"]
[Result "1/2-1/2"]
[WhiteElo "1941"]
[BlackElo "2112"]
[PlyCount "63"]
[EventDate "2009.05.20"]

1. e4 e6 2. d4 d5 3. Nd2 Be7 4. Bd3 Nf6 5. e5 Nfd7 6. Qg4 O-O 7. Ndf3 f5 8. Qh5
Qe8 9. g4 Qxh5 10. gxh5 c5 11. c3 Nc6 12. Nh3 Nb6 13. Rg1 cxd4 14. cxd4 Bd7 15.
Nf4 Rac8 16. Be3 Nb4 17. h6 g6 18. h4 Nxd3+ 19. Nxd3 Kf7 20. Ng5+ Bxg5 21. hxg5
Nc4 22. Rc1 Nxe3 23. fxe3 Bb5 24. Kd2 Bxd3 25. Kxd3 Ke7 26. b4 Kd7 27. a4 Rxc1
28. Rxc1 Rc8 29. Rxc8 Kxc8 30. Kc3 Kc7 31. b5 b6 32. Kb4 1/2-1/2

[Event "A-Klasse 2009 (A68)"]
[Site "Berlin-Weißensee"]
[Date "2009.05.22"]
[Round "4.1"]
[White "Goetze, Frank"]
[Black "Gebigke, Martin"]
[Result "0-1"]
[WhiteElo "2021"]
[BlackElo "2183"]
[PlyCount "80"]
[EventDate "2009.05.20"]

1. d4 Nf6 2. c4 c5 3. e3 g6 4. Nf3 Bg7 5. Nbd2 cxd4 6. exd4 O-O 7. g3 d5 8. b3
Nc6 9. Bb2 Bf5 10. Nh4 Bg4 11. f3 Bc8 12. Be2 Bh3 13. f4 Qd7 14. c5 Qe6 15.
Ndf3 h6 16. Ne5 Ne4 17. Rg1 g5 18. Nxc6 bxc6 19. fxg5 hxg5 20. Nf3 g4 21. Nd2
Nxc5 22. Qc2 Qe3 23. O-O-O Ne4 24. Rge1 Nf2 25. Bxg4 Nd3+ 26. Qxd3 Qxd3 27.
Bxh3 e6 28. Bf1 Qh7 29. Nf3 Bh6+ 30. Nd2 Rfc8 31. Ba3 c5 32. Bxc5 Qg7 33. Kb1
Qg6+ 34. Kb2 Qf6 35. Kb1 Rxc5 36. dxc5 Bg7 37. Nc4 dxc4 38. Rd2 Qa1+ 39. Kc2
cxb3+ 40. axb3 Qxe1 0-1

[Event "A-Klasse 2009 (A68)"]
[Site "Berlin-Weißensee"]
[Date "2009.05.22"]
[Round "4.2"]
[White "Zschaebitz, Klaus"]
[Black "Arndt, Uwe"]
[Result "1-0"]
[WhiteElo "2100"]
[BlackElo "2024"]
[PlyCount "67"]
[EventDate "2009.05.20"]

1. d4 Nf6 2. Nf3 e6 3. e3 d5 4. Bd3 Bd6 5. c4 b6 6. Nc3 Bb7 7. O-O O-O 8. b3
Nbd7 9. Nb5 Be7 10. Bb2 a6 11. Nc3 c5 12. cxd5 exd5 13. Qc2 Rc8 14. Qe2 b5 15.
dxc5 Nxc5 16. Bf5 Rc7 17. Rac1 Bc8 18. Bxc8 Qxc8 19. Nd4 Nce4 20. Nxe4 dxe4 21.
Nf5 Bd8 22. Rxc7 Qxc7 23. Ng3 Re8 24. Rc1 Qd7 25. Rc5 Re6 26. Qc2 Ne8 27. Ne2
Bf6 28. Bd4 Qd6 29. Rc8 Qb4 30. Kf1 Qe7 31. Nf4 Bxd4 32. Nxe6 Qxe6 33. exd4 f5
34. Qc6 1-0

[Event "A-Klasse 2009 (A68)"]
[Site "Berlin-Weißensee"]
[Date "2009.05.22"]
[Round "4.3"]
[White "Issel, Oliver"]
[Black "Muskewitz, Bernd"]
[Result "1-0"]
[WhiteElo "2112"]
[BlackElo "2015"]
[PlyCount "103"]
[EventDate "2009.05.20"]

1. d4 d5 2. Bg5 Nf6 3. Bxf6 exf6 4. e3 Bd6 5. c4 dxc4 6. Bxc4 O-O 7. Nd2 f5 8.
Ngf3 Nd7 9. O-O c5 10. Nb3 b6 11. dxc5 Nxc5 12. Nxc5 Bxc5 13. Qxd8 Rxd8 14. Ng5
Rf8 15. Rfd1 Be7 16. Bd5 Rb8 17. Nf3 Bf6 18. Nd4 Bb7 19. Bxb7 Rxb7 20. Rd2 g6
21. Rad1 Rd7 22. Kf1 Rfd8 23. Ke2 f4 24. Nc6 Rxd2+ 25. Rxd2 Rxd2+ 26. Kxd2
fxe3+ 27. Kxe3 Bxb2 28. Nxa7 Kf8 29. Ke4 Ba3 30. Kd5 Bc5 31. f3 Bg1 32. h3 Ke8
33. Kc6 Kd8 34. Nb5 f5 35. Nc3 Kc8 36. Nd5 Kb8 37. Nxb6 Ka7 38. Nd5 Ka6 39. Kd6
Kb5 40. Ke6 Kc4 41. Nf6 Kd3 42. Nxh7 Ke3 43. Nf8 Kf2 44. Nxg6 Kxg2 45. f4 Kxh3
46. Kxf5 Kg3 47. Ke6 Kg4 48. a4 Kh5 49. f5 Kh6 50. Ne5 Kg7 51. Nc6 Kf8 52. a5
1-0

[Event "A-Klasse 2009 (A68)"]
[Site "Berlin-Weißensee"]
[Date "2009.05.22"]
[Round "4.4"]
[White "Voigt, Ingo"]
[Black "Zur, Jan"]
[Result "1-0"]
[WhiteElo "2053"]
[BlackElo "1941"]
[PlyCount "95"]
[EventDate "2009.05.20"]

1. Nf3 Nf6 2. c4 g6 3. d4 Bg7 4. Nc3 d5 5. e3 O-O 6. Be2 c6 7. O-O a5 8. Bd2
Na6 9. c5 b6 10. cxb6 Qxb6 11. Na4 Qc7 12. Qe1 Nb8 13. Nc5 Nbd7 14. Nxd7 Bxd7
15. Ne5 Rfb8 16. b4 axb4 17. Bxb4 Ne4 18. Nxd7 Qxd7 19. f3 Nd6 20. a3 Nf5 21.
Bd3 Nxd4 22. Rc1 Nb5 23. Qh4 Rb7 24. Bxb5 cxb5 25. Rc5 Qe6 26. Qf2 Be5 27. Rd1
Rd8 28. e4 Rbd7 29. f4 Bb8 30. exd5 Rxd5 31. Rcxd5 Rxd5 32. Re1 Qf6 33. Bxe7
Qc3 34. Bb4 Qc8 35. g3 Qd7 36. Qe2 Ba7+ 37. Kg2 Rd3 38. Qe8+ Qxe8 39. Rxe8+ Kg7
40. Re5 Rb3 41. Rxb5 Rb2+ 42. Kh3 Ra2 43. Rb7 Bg1 44. Bc3+ Kh6 45. Rxf7 Rxa3
46. Bg7+ Kh5 47. Bf8 g5 48. Bxa3 1-0

[Event "A-Klasse 2009 (A68)"]
[Site "Berlin-Weißensee"]
[Date "2009.05.23"]
[Round "5.1"]
[White "Arndt, Uwe"]
[Black "Goetze, Frank"]
[Result "0-1"]
[WhiteElo "2024"]
[BlackElo "2021"]
[PlyCount "50"]
[EventDate "2009.05.20"]

1. d4 Nf6 2. c4 e6 3. Nf3 c5 4. e3 d5 5. Nc3 Nc6 6. a3 cxd4 7. exd4 Be7 8. Bd3
a6 9. cxd5 Nxd5 10. O-O O-O 11. Qc2 h6 12. Bd2 Bf6 13. Nxd5 Qxd5 14. Be4 Nxd4
15. Nxd4 Qxd4 16. Bc3 Qc5 17. Bxf6 Qxc2 18. Bxc2 gxf6 19. Be4 Rb8 20. Rac1 Rd8
21. Rfd1 Bd7 22. g3 e5 23. Kg2 b6 24. Rd6 Bh3+ 25. Kxh3 Rxd6 0-1

[Event "A-Klasse 2009 (A68)"]
[Site "Berlin-Weißensee"]
[Date "2009.05.23"]
[Round "5.2"]
[White "Gebigke, Martin"]
[Black "Issel, Oliver"]
[Result "0-1"]
[WhiteElo "2183"]
[BlackElo "2112"]
[PlyCount "114"]
[EventDate "2009.05.20"]

1. d4 Nf6 2. c4 e6 3. Nc3 Bb4 4. e3 d5 5. Nf3 O-O 6. Bd3 c5 7. O-O dxc4 8. Bxc4
cxd4 9. exd4 b6 10. Bg5 Bb7 11. Qe2 Bxc3 12. bxc3 Nbd7 13. Rfc1 Qc7 14. Bd3 h6
15. Bh4 Qf4 16. Bg3 Qg4 17. a4 Bxf3 18. gxf3 Qh5 19. Bd6 Rfe8 20. f4 Qh4 21.
Ba6 Nd5 22. Qf3 Rad8 23. c4 N7f6 24. Be5 Ne7 25. Bb5 Rf8 26. Qg3 Nf5 27. Qxh4
Nxh4 28. Rd1 Ng4 29. Bc6 f6 30. Bc7 Rc8 31. Bd7 Rxc7 32. Bxe6+ Kh8 33. Bxg4
Rxc4 34. a5 Rd8 35. axb6 axb6 36. d5 f5 37. Be2 Rxf4 38. d6 Re4 39. Kf1 Ng6 40.
Rab1 Rh4 41. Rxb6 Rxh2 42. Kg1 Rh4 43. f3 Ra4 44. d7 Ne5 45. Re6 Nxd7 46. Bb5
Ra3 47. f4 Rg3+ 48. Kf2 Rg4 49. Kf3 Ne5+ 50. fxe5 Rxd1 51. Re8+ Kh7 52. e6 Re4
53. Bd7 Rde1 54. Rf8 R1e3+ 55. Kf2 Rxe6 56. Bxe6 Rxe6 57. Rxf5 Rf6 0-1

[Event "A-Klasse 2009 (A68)"]
[Site "Berlin-Weißensee"]
[Date "2009.05.23"]
[Round "5.3"]
[White "Zur, Jan"]
[Black "Zschaebitz, Klaus"]
[Result "1/2-1/2"]
[WhiteElo "1941"]
[BlackElo "2100"]
[PlyCount "135"]
[EventDate "2009.05.20"]

1. e4 e6 2. d4 {(=)} d5 3. exd5 exd5 4. Bd3 Nc6 5. c3 Bd6 6. Nf3 Nge7 7. Qc2
Bg4 8. Nbd2 Qd7 9. O-O Bf5 10. Re1 O-O 11. Nb3 Rfe8 12. Bg5 h6 13. Bh4 Bxd3 14.
Qxd3 Qf5 15. Qf1 Ng6 16. Bg3 Nf4 17. Rxe8+ Rxe8 18. Re1 Rxe1 19. Qxe1 Kf8 20.
h4 Qc2 21. Bxf4 Bxf4 22. g3 Bd6 23. Qc1 Qe2 24. Nfd2 Ne7 25. Qf1 Qe6 26. Nc5
Qc8 27. Qb5 b6 28. Nd7+ Kg8 29. Ne5 c6 30. Qe2 Qe6 31. Qg4 f5 32. Qe2 f4 33.
Kg2 Ng6 34. Qg4 Qxg4 35. Nxg4 h5 36. Nh2 Kf7 37. Nhf3 Kf6 38. Ng5 Ne7 39. Kf3
Nf5 40. Nf1 c5 41. dxc5 bxc5 42. Nh3 fxg3 43. fxg3 d4 44. Nf4 g6 45. Nd2 Nxg3
46. cxd4 cxd4 47. b4 Kf5 48. Nd3 Ke6 49. Ne4 Nf5 50. Nxd6 Kxd6 51. Ke4 Nxh4 52.
Nf4 d3 53. Nxd3 Nf5 54. a4 h4 55. Kf3 Nh6 56. b5 Nf7 57. a5 g5 58. b6 a6 59.
Nb4 Ne5+ 60. Kg2 Nc4 61. Nxa6 Nxa5 62. Nc7 Nb7 63. Kh3 Nd8 64. Nb5+ Kc5 65. Nc3
Kd4 66. Ne2+ Ke3 67. Ng3 Kf3 68. Nf5 1/2-1/2

[Event "A-Klasse 2009 (A68)"]
[Site "Berlin-Weißensee"]
[Date "2009.05.23"]
[Round "5.4"]
[White "Muskewitz, Bernd"]
[Black "Voigt, Ingo"]
[Result "1-0"]
[WhiteElo "2015"]
[BlackElo "2053"]
[PlyCount "85"]
[EventDate "2009.05.20"]

1. d4 Nf6 2. c4 d6 3. g3 c6 4. Bg2 Qa5+ 5. Nc3 e5 6. e3 Bf5 7. Qb3 exd4 8. exd4
Qb6 9. Qxb6 axb6 10. Nge2 g6 11. O-O Bg7 12. Bf4 Kd7 13. Rad1 h6 14. d5 c5 15.
b3 g5 16. Bc1 Re8 17. Na4 $2 $19 (17. Rfe1) 17... Rxa4 18. bxa4 Rxe2 19. Rfe1
Rxa2 20. Re3 Ng4 21. Rf3 Bg6 22. Bh3 f5 23. Re1 Ne5 24. Bxf5+ Kd8 (24... Bxf5
25. Rxf5 Rxa4 $19) 25. Rxe5 Bxe5 $6 $15 (25... Bh5 $8 $19) 26. Bxg6 Nd7 27. Kg2
$2 (27. Ra3 $11) 27... Nf6 $2 $16 (27... Rxa4 $17) 28. Ra3 Rxa3 29. Bxa3 Nd7
30. Bc1 Bf6 31. f4 Ke7 32. Kf3 Nf8 33. Bf5 gxf4 34. Bxf4 h5 35. Ke4 Bd4 36.
Bg5+ Kf7 37. Bd8 Ng6 38. Bxg6+ Kxg6 39. Bxb6 h4 40. gxh4 Kh5 41. Kf5 Kxh4 42.
Ke6 Be5 43. Bc7 1-0

[Event "A-Klasse 2009 (A68)"]
[Site "Berlin-Weißensee"]
[Date "2009.05.23"]
[Round "6.1"]
[White "Goetze, Frank"]
[Black "Issel, Oliver"]
[Result "1/2-1/2"]
[WhiteElo "2021"]
[BlackElo "2112"]
[PlyCount "37"]
[EventDate "2009.05.20"]

1. d4 Nf6 2. c4 e6 3. Nf3 d5 4. Nc3 Be7 5. Bf4 O-O 6. e3 c5 7. Rc1 cxd4 8. exd4
dxc4 9. Bxc4 a6 10. a4 Nc6 11. O-O Qb6 12. Qb3 Qxb3 13. Bxb3 Rd8 14. Rfd1 Bd7
15. h3 Be8 16. Bc7 Rdc8 17. Bf4 Rd8 18. Bc7 Rdc8 19. Bf4 1/2-1/2

[Event "A-Klasse 2009 (A68)"]
[Site "Berlin-Weißensee"]
[Date "2009.05.23"]
[Round "6.3"]
[White "Voigt, Ingo"]
[Black "Gebigke, Martin"]
[Result "0-1"]
[WhiteElo "2053"]
[BlackElo "2183"]
[PlyCount "64"]
[EventDate "2009.05.20"]

1. Nf3 g6 2. c4 Bg7 3. d4 Nf6 4. g3 O-O 5. Bg2 d6 6. O-O Nc6 7. d5 Na5 8. Qa4
c5 9. Nfd2 Bd7 10. Qc2 a6 11. a4 e6 12. dxe6 fxe6 13. Nc3 Nc6 14. Nde4 Ne8 15.
Bf4 Qe7 16. Qd2 Nd4 17. Rad1 Bc6 18. e3 Nf5 19. Nxd6 Bxg2 20. Kxg2 e5 21. Qd5+
Kh8 22. Bg5 Qxd6 23. Qxd6 Nfxd6 24. Be7 Nxc4 25. Bxf8 Bxf8 26. Rd7 Rb8 27. b3
Na5 28. f4 Nf6 29. Rc7 exf4 30. exf4 Nxb3 31. Rb1 c4 32. Kf3 Nd2+ 0-1

[Event "A-Klasse 2009 (A68)"]
[Site "Berlin-Weißensee"]
[Date "2009.05.23"]
[Round "6.4"]
[White "Zschaebitz, Klaus"]
[Black "Muskewitz, Bernd"]
[Result "1-0"]
[WhiteElo "2100"]
[BlackElo "2015"]
[PlyCount "151"]
[EventDate "2009.05.20"]

1. d4 d5 2. Nf3 Nf6 3. e3 c6 4. c4 e6 5. Bd3 Nbd7 6. O-O Bd6 7. Nc3 dxc4 8.
Bxc4 O-O 9. e4 e5 10. Bg5 Qc7 11. h3 b5 12. Bd3 h6 13. dxe5 Bxe5 14. Nxe5 Qxe5
15. Bh4 Nc5 16. f4 Qd4+ 17. Bf2 Qxd3 18. Bxc5 Rd8 19. Qxd3 Rxd3 20. Rad1 Rxd1
21. Rxd1 Nd7 22. Be7 f6 23. Bd6 Kf7 24. Kf2 a6 25. Ke3 Ra7 26. a4 Nb6 27. Bc5
Nc4+ 28. Ke2 Rd7 29. Rxd7+ Bxd7 30. b3 Na5 31. b4 Nc4 {(=)} 32. a5 Be6 33. Nd1
f5 34. exf5 Bxf5 35. g4 Be4 36. Nf2 Bc2 37. h4 g6 38. Nh1 h5 39. gxh5 gxh5 40.
Ng3 Kg6 41. Kf3 Kf7 42. f5 Ne5+ 43. Ke3 Ng4+ 44. Kf4 Nf6 45. Ke5 Bb1 46. Bd6
Bc2 47. Kd4 Ke8 48. Be5 Nd5 49. Kc5 Bd1 50. Ne4 Kd7 51. f6 Ke6 52. Bd4 Nf4 53.
Ng5+ Kd7 54. f7 Ke7 55. Bg7 Ng6 56. Kxc6 Bb3 57. f8=Q+ Nxf8 58. Bxf8+ Kxf8 59.
Ne4 Ke7 60. Nc5 Bc4 61. Nxa6 Kf6 62. Nc7 Kf5 63. a6 Kg4 64. a7 Kxh4 65. a8=Q
Kg3 66. Nxb5 Be2 67. Qb8+ Kg2 68. Nd4 Bg4 69. Qf4 Kh3 70. Nf3 Kg2 71. Ne1+ Kh3
72. Kd6 Kh4 73. Ke5 Kh3 74. Qf1+ Kh4 75. Kf4 Bd7 76. Nf3# 1-0

[Event "A-Klasse 2009 (A68)"]
[Site "Berlin-Weißensee"]
[Date "2009.05.24"]
[Round "7.1"]
[White "Zur, Jan"]
[Black "Goetze, Frank"]
[Result "0-1"]
[WhiteElo "1941"]
[BlackElo "2021"]
[PlyCount "70"]
[EventDate "2009.05.20"]

1. e4 c5 2. Nf3 d6 3. d4 cxd4 4. Nxd4 Nf6 5. Nc3 a6 6. Bg5 e6 7. f4 Be7 8. Qf3
h6 9. Bh4 Qc7 10. O-O-O Nc6 11. g4 Nxd4 12. Rxd4 b5 13. f5 Bb7 14. Bh3 e5 15.
Rd2 b4 16. Nd5 Nxd5 17. Bxe7 Nxe7 18. f6 gxf6 19. Qxf6 O-O-O 20. Re1 Ng6 21.
g5+ Kb8 22. gxh6 Rxh6 23. Bf5 Rdh8 24. Bxg6 fxg6 25. Qxd6 Qxd6 26. Rxd6 Rxh2
27. Rxg6 Rc8 28. c3 bxc3 29. bxc3 Rxc3+ 30. Kb1 Rc4 31. Rg4 Ka7 32. Re3 Ra4 33.
a3 Ra5 34. Rb3 Re2 35. Rg7 Rb5 0-1

[Event "A-Klasse 2009 (A68)"]
[Site "Berlin-Weißensee"]
[Date "2009.05.24"]
[Round "7.3"]
[White "Muskewitz, Bernd"]
[Black "Arndt, Uwe"]
[Result "0-1"]
[WhiteElo "2015"]
[BlackElo "2024"]
[PlyCount "62"]
[EventDate "2009.05.20"]

1. d4 Nf6 2. c4 e6 3. Nf3 d5 4. Nc3 Nbd7 5. e3 Be7 6. Bd3 dxc4 7. Bxc4 c6 8.
O-O b5 9. Bd3 Bb7 10. b3 a6 11. Bb2 O-O 12. Rc1 c5 13. Qe2 Qb6 14. dxc5 Nxc5
15. Bb1 Rac8 16. Rfd1 b4 17. Na4 Nxa4 18. bxa4 Qa5 19. h3 Qxa4 20. Rd4 Rxc1+
21. Bxc1 Rd8 22. Rxd8+ Bxd8 23. Bb2 Be7 24. Ne5 Bd5 25. Ng4 Nxg4 26. Qxg4 Bf8
27. a3 Qb3 28. Qh5 h6 29. Bh7+ Kxh7 30. Qxf7 Qxb2 31. Qxf8 bxa3 0-1